=LDR 00000nam 2200000 4500 =001 INLIS000000000062994 =005 20231108020548 =035 ##$$a 0010-1123000025 =008 231108################g##########0#ind## =020 ##$$a 978-602-317-151-4 =040 ##$$a NBPDMAT =082 ##$$a R.297.630 3 =090 ##$$a R.297.630 3 $bEns e =245 ##$$a Ensiklopedia entrepreneur muslim jilid 1 : $b Rahasia sukses mernjadi entrepreneur /$c Penyunting Syaiful MH., Erlina ZZ, Endang RM =250 ##$$a Cet. 1 =260 ##$$a Surakarta :$b Ziyad,$c 2015 =300 ##$$a cet. 1 ; $c 28 x 20 cm. =500 ##$$a cet.1 =650 #4$$a Ensiklopedia Muslim - Entrepreneur =700 #$$a Syaiful MH =850 ##$$a NBPDMAT =084 ##$$a R.297.630 3 ENS I =990 ##$$a 65656565 =990 ##$$a 65656565 =990 ##$$a 65656565 =990 ##$$a 65656565 =990 ##$$a 65656565 =990 ##$$a 21602820 =990 ##$$a 1201606565 =990 ##$$a 1201606566 =990 ##$$a 1201606567 =990 ##$$a 1201606568 =990 ##$$a 1201606569 =990 ##$$a 21602818 =990 ##$$a 21602820 =990 ##$$a 1201606565 =990 ##$$a 1201606566 =990 ##$$a 1201606567 =990 ##$$a 1201606568 =990 ##$$a 1201606569 =990 ##$$a 21602819 =990 ##$$a 21602818 =990 ##$$a 21602820 =990 ##$$a 1201606565 =990 ##$$a 1201606566 =990 ##$$a 1201606567 =990 ##$$a 1201606568 =990 ##$$a 1201606569 =990 ##$$a 21602817 =990 ##$$a 21602818 =990 ##$$a 21602819 =990 ##$$a 21602820 =990 ##$$a 21602816 =990 ##$$a 21602817 =990 ##$$a 21602818 =990 ##$$a 21602819 =990 ##$$a 21602820